00994nam a2200193Ka 4500020001900000020001600019040001000035082002600045100002000071245009900091260004100190300004300231520036700274650001500641650001400656650002100670650002200691856008700713 a9781603427340  a1603427341  cTEFOD04a636 STO 1999 C151 Or.1 aEkarius, Carol.10aSmall-scale livestock farmingba grass-based approach for health, sustainability, and profit / aPownal, Vt. :bStorey Books,cc1999. a1 online resource (vi, 217 p.) :bill. aEkarius's natural, organic approach to livestock management produces healthier animals, reduces feed and healthcare costs, and maximizes your profit. Through case studies of successful farmers, nitty-gritty details on every facet of livestock farming, and fascinating insights for working with nature instead of against it, you'll learn to make your farm thrive. 0aLivestock. 0aLivestock 0aFarm management. 0aElectronic books.40uhttp://dbooks.wplc.info/ContentDetails.htm?ID=5EC7F952-E770-4234-BF6F-542729B6BC39